Elméleti és Kutatási témák a nemzetközi Krimológiában

Gespeichert in:  
Bibliographische Detailangaben
1. VerfasserIn: Kerner, Hans-Jürgen 1943- (Verfasst von)
Medienart: Druck Aufsatz
Sprache:Ungarisch
Veröffentlicht: 1994
In: A Társadalmi-Politikai Változások és a Bünözes a 21 Kihívása
Jahr: 1994, Seiten: 171-187
Verfügbarkeit prüfen: HBZ Gateway

MARC

LEADER 00000caa a22000002c 4500
001 1417556684
003 DE-627
005 20220530103127.0
007 tu
008 110720s1994 xx ||||| 00| ||hun c
035 |a (DE-627)1417556684 
035 |a (DE-576)34755668X 
035 |a (DE-599)BSZ34755668X 
040 |a DE-627  |b ger  |c DE-627  |e rakwb 
041 |a hun 
084 |a 2,1  |2 ssgn 
100 1 |a Kerner, Hans-Jürgen  |d 1943-  |0 (DE-588)108143007  |0 (DE-627)544028058  |0 (DE-576)161691080  |4 aut 
109 |a Kerner, Hans-Jürgen 1943-  |a Kerner, Ch.-Ju. 1943-  |a Kerner, Hans Jürgen 1943-  |a Kerner, Hans Juergen 1943- 
245 1 0 |a Elméleti és Kutatási témák a nemzetközi Krimológiában  |c Hans-Jürgen Kerner 
264 1 |c 1994 
336 |a Text  |b txt  |2 rdacontent 
337 |a ohne Hilfsmittel zu benutzen  |b n  |2 rdamedia 
338 |a Band  |b nc  |2 rdacarrier 
773 0 8 |i In  |a Gönczöl, Katalin  |t A Társadalmi-Politikai Változások és a Bünözes a 21 Kihívása  |d Budapest : Maygar Kriminológiai Társasag, 1994  |g (1994), Seite 171-187  |w (DE-627)1417556323  |w (DE-576)347556329  |7 nnam 
773 1 8 |g year:1994  |g pages:171-187 
951 |a AR 
ELC |b 1 
LOK |0 000 xxxxxcx a22 zn 4500 
LOK |0 001 2684221650 
LOK |0 003 DE-627 
LOK |0 004 1417556684 
LOK |0 005 20260226101209 
LOK |0 008 110720||||||||||||||||ger||||||| 
LOK |0 040   |a DE-21-110  |c DE-627  |d DE-21-110 
LOK |0 852   |z Kein Bestand am IfK; Nachweis für KrimDok 
LOK |0 852   |a DE-21-110 
LOK |0 852 1  |m v  |9 00 
LOK |0 938   |k v 
LOK |0 939   |a 20-07-11  |b l01 
ORI |a WA-MARC-krimdoka001.raw